Bayer Leverkusen: Alle Torschützen der 2010er - Statistiken

Allgemein
  • Dieses Quiz wurde 280 mal gespielt
  • Das Durchschnittsergebnis liegt bei 31 aus 56
Antwortstatistiken
Pos. Nat. Spieler % Korrekt
ST GER Stefan Kießling
90%
ST JAM Leon Bailey
85%
ST MEX Javier Hernandez
83%
ST ARG Lucas Alario
81%
ST KOR Heung-Min Son
80%
MIT GER Kai Havertz
80%
MIT CHI Arturo Vidal
78%
MIT CHI Charles Aranguiz
78%
MIT FRA Moussa Diaby
78%
VER GER Jonathan Tah
77%
ST FIN Joel Pohjanpalo
72%
MIT AUT Julian Baumgartlinger
72%
MIT GER Lars Bender
72%
VER GER Sven Bender
72%
MIT GER Julian Brandt
67%
MIT GER Simon Rolfes
67%
VER TUR Ömer Toprak
66%
VER CRO Tin Jedvaj
66%
VER BRA Wendell
66%
MIT GER Karim Bellarabi
64%
ST GER Kevin Volland
64%
MIT GER Florian Wirtz
62%
MIT GER Kerem Demirbay
60%
MIT SLO Kevin Kampl
57%
VER FIN Sami Hyypiä
57%
VER BIH Emir Spahic
56%
ST SUI Eren Derdiyok
56%
MIT TUR Hakan Calhanoglu
56%
VER CZE Michal Kadlec
55%
ST BRA Paulinho
55%
MIT GER Gonzalo Castro
53%
ST AUS Robbie Kruse
52%
MIT GER Michael Ballack
51%
MIT GER Nadiem Amiri
50%
VER ESP Dani Carvajal
48%
VER AUT Aleksander Dragovic
47%
MIT SUI Tranquillo Barnetta
47%
MIT SUI Admir Mehmedi
46%
ST GER Patrick Helmes
46%
VER GRE Panagiotis Retsos
44%
VER GRE Kyriakos Papadopoulos
43%
MIT GER Stefan Reinartz
43%
ST SUI Josip Drmic
42%
VER POL Sebastian Boenisch
42%
MIT BRA Renato Augusto
40%
MIT GER Andre Schürrle
39%
MIT GER Sidney Sam
38%
VER GER Mitchell Weiser
35%
VER GER Manuel Friedrich
33%
MIT GER Emre Can
28%
VER GER Roberto Hilbert
27%
VER GER Philipp Wollscheid
26%
MIT UKR Vladlen Yurchenko
23%
MIT GER Dominik Kohr
20%
MIT GER Jens Hegeler
13%
MIT GER Hanno Balitsch
12%
Keine übereinstimmenden Quizze gefunden
Verteilung der Resultate
Anzahl Personen mit jedem Resultat
Perzentil nach korrekt beantworteten Fragen
Ihre Resultats-Entwicklung
Sie haben dieses Quiz noch nicht gespielt